| 000 | 02159nam a22002777a 4500 | ||
|---|---|---|---|
| 999 |
_c56739 _d56739 |
||
| 003 | Ge_BSU | ||
| 005 | 20190421020005.0 | ||
| 008 | 190411s1992 ge ||||| |||| 00| 0 geo d | ||
| 041 | _ageo | ||
| 080 | _a342.4(100) მ-90 | ||
| 245 |
_aმსოფლიო ქვეყნების კონსტიტუციები : _bწ.1 : საქართველოს დემოკრატიული რესპუბლიკა ; ამერიკის შეერთებული შტატები ; საფრანგეთის რესპუბლიკა ; იტალიის რესპუბლიკა / _cშემდგ. ავთანდილ დემეტრაშვილი ; სარედ. კოლ.: ლევან ალექსიძე, ჯონი ხეცურიანი, ელისო გურგენიძე ; საქართველოს რესპუბლიკის იუსტიციის სამინისტრო. |
||
| 264 |
_aთბილისი : _bიურიდიული ლიტერატურა, _c1992. |
||
| 300 |
_a216 გვ. ; _c20 სმ. |
||
| 653 | _aსამართალი | ||
| 653 | _aმსოფლოი კონსტიტუციები | ||
| 653 | _aსაქართველოს კონსტიტუცია | ||
| 653 | _aამერიკის კონსტიტუცია | ||
| 653 | _aსაფრანგეთის კონსტიტუცია | ||
| 653 | _aიტალიის კონსტიტუცია | ||
| 700 |
_aდემეტრაშვილი, ავთანდილ _eშემდგენელი _9162 |
||
| 700 |
_aალექსიძე, ლევან _eრედაქტორი _9163 |
||
| 700 |
_aხეცურიანი, ჯონი _eრედაქტორი _9164 |
||
| 700 |
_aგურგენიძე, ელისო _eრედაქტორი _9165 |
||
| 710 |
_aსაქართველოს რესპუბლიკის იუსტიციის სამინისტრო _9161 |
||
| 942 |
_2udc _cBK |
||